000
00328nam a22001457a 4500
008
210428b ||||| |||| 00| 0 eng d
020
_a
9781587133169
041
_a
eng
080
_a
004
082
_a
004
100
_a
28
101
_a
SHKI
245
_a
Introduction to Networks Companion Guide
_c
Cisco,
942
_2
udc
_c
BK
999
_c
56873
_d
56873